00446nam a2200145Ia 4500003000400000008004100004040001600045082001600061100001600077245011300093700001600206260004600222300001100268650002100279GCL140319s9999 xx 000 0 eng d aGCL / cGCL04a631.53bS P1 aSTALKER,H T10aPLANT BNEEDING IN THE 1990 S : PNOCEEDINGS OF THE SYM POSIUM OF PLANT BREEDING IN THE 1990 S / cSTALKER,H T1 aMURPHY,J P a[S.N] : bC. A. B INTERNATIONAL ، c1993 a539 PP04aPLANT - BREEDING